Cargando...
Sarvodaya /
| Autor principal: | |
|---|---|
| Formato: | Printed Book |
| Lenguaje: | English |
| Publicado: |
Ahmadabad :
Navajivan publishing house ,
1953.
|
| LEADER | 00541cam a2200181ua 4500 | ||
|---|---|---|---|
| 020 | |c 2.00 | ||
| 041 | |a eng | ||
| 082 | |a 320.586 |b GAN/SA | ||
| 100 | |a Gandhi, M K. | ||
| 245 | |a Sarvodaya / |c GAndhi.M.K. |h Textual Documents | ||
| 260 | |a Ahmadabad : |b Navajivan publishing house , |c 1953. | ||
| 300 | |a 215 ; . | ||
| 365 | |a 2.00 | ||
| 504 | |||
| 541 | |e 2353 |h 2.00 | ||
| 942 | |c BK | ||
| 999 | |c 40096 |d 40096 | ||
| 952 | |0 0 |1 0 |4 0 |6 320_586000000000000 |7 0 |9 52899 |a KAUAET |b KAUAET |d 2012-04-07 |m 0 |o 320.586 |p KAU_KCAET-2353 |r 2012-04-07 |w 2012-04-07 |y BK | ||